000 00541nam a2200181Ia 4500
005 20250326140818.0
008 250326s9999 xx 000 0 und d
037 _aTextbook
040 _aFMSL
_beng
_cFMSL
041 _aeng
_2eng
084 _aSNIobX:8 N6
_qFMSL
100 _aRobbins S P
_9308447
245 0 _aOrganizational behavior concepts controversies applications
_cRobbins S P
260 _aNew Delhi
_bNew Delhi, Prentice-Hall
_c1996
300 _a826p
942 _cTB
_hSNIobX:8 N6
999 _c1287389
_d1287389